000 00377nam a22001217a 4500
008 180522b xxu||||| |||| 00| 0 eng d
041 _aeng
080 _a043.3
100 _a0
101 _aSHKI-MA
245 _aAnaliza e performances se protokollece te rrugetimit dhe OSPF per sherbimet video-streaming voice dhe vonesat ne rrjetat pike ne pike
_cVelija, J
942 _2udc
_cBK
999 _c46216
_d46216